Managerial economics / (Record no. 197529)

MARC details
000 -LEADER
fixed length control field 00595nam a2200205Ia 4500
005 - DATE AND TIME OF LATEST TRANSACTION
control field 20220216104814.0
008 - FIXED-LENGTH DATA ELEMENTS--GENERAL INFORMATION
fixed length control field 210716s2003 xx 000 0 und d
020 ## - INTERNATIONAL STANDARD BOOK NUMBER
International Standard Book Number 8120301161
040 ## - CATALOGING SOURCE
Transcribing agency AIMIT LIBRARY
041 ## - LANGUAGE CODE
Language code of text/sound track or separate title eng
082 ## - DEWEY DECIMAL CLASSIFICATION NUMBER
Classification number 658.001
Edition number 1
Item number DEAJ
100 ## - MAIN ENTRY--PERSONAL NAME
Personal name Dean, Joel.
9 (RLIN) 20140
245 ## - TITLE STATEMENT
Title Managerial economics /
Statement of responsibility, etc. By Joel Dean.
250 ## - EDITION STATEMENT
Edition statement 1st ed.
260 ## - PUBLICATION, DISTRIBUTION, ETC.
Place of publication, distribution, etc. New Delhi :
Name of publisher, distributor, etc. Prentice Hall of India PVt Ltd ,
Date of publication, distribution, etc. 2003 .
300 ## - PHYSICAL DESCRIPTION
Extent xiv,621p. ;
Dimensions 22 cm.
650 ## - SUBJECT ADDED ENTRY--TOPICAL TERM
Topical term or geographic name entry element Multiple Products.
9 (RLIN) 20141
650 ## - SUBJECT ADDED ENTRY--TOPICAL TERM
Topical term or geographic name entry element Capital Budgeting.
9 (RLIN) 20142
942 ## - ADDED ENTRY ELEMENTS (KOHA)
Source of classification or shelving scheme Dewey Decimal Classification
Koha item type Book
Edition 1st
Call number prefix 658.001 DEAJ
Holdings
Withdrawn status Lost status Source of classification or shelving scheme Damaged status Not for loan Collection code Home library Current library Shelving location Date acquired Cost, normal purchase price Inventory number Total Checkouts Full call number Barcode Date last seen Cost, replacement price Price effective from Koha item type
    Dewey Decimal Classification     MBA St Aloysius Institute of Management & Information Technology St Aloysius Institute of Management & Information Technology Managerial Economics 04/01/2004 250.00 Bill no:454;Bill dt:2004-03-04   658.001 DEAJ MBA00094 05/23/2026 200.00 07/16/2021 Book
    Dewey Decimal Classification     MBA St Aloysius Institute of Management & Information Technology St Aloysius Institute of Management & Information Technology Managerial Economics 04/07/2004 250.00 Bill no:5925; Bill dt:2004-03-30   658.001 DEAJ MBA00186 05/23/2026 200.00 07/16/2021 Book
    Dewey Decimal Classification     MBA St Aloysius Institute of Management & Information Technology St Aloysius Institute of Management & Information Technology Managerial Economics 04/15/2004 250.00 Bill no:5935; Bill dt:2004-03-31   658.001 DEAJ MBA00324 05/23/2026 200.00 07/16/2021 Book